Statistics for Losing Presidential Nominees

Click here to take the quiz!

General Stats

  • This quiz has been taken 62 times
  • The average score is 23 of 35

Answer Stats

HintAnswer% Correct
2016Hillary Clinton
100%
1992George H. W. Bush
96%
1980Jimmy Carter
96%
1960Richard Nixon
96%
2008John McCain
94%
2000Al Gore
93%
1976Gerald Ford
93%
2012Mitt Romney
93%
1996Bob Dole
89%
2004John Kerry
89%
1984Walter Mondale
87%
1988Michael Dukakis
85%
1912Theodore Roosevelt
78%
1932Herbert Hoover
76%
1964Barry Goldwater
74%
1972George McGovern
74%
1968Hubert Humphrey
74%
1888Grover Cleveland
69%
1948Thomas Dewey
69%
1944Thomas Dewey
69%
1952Adlai Stevenson
65%
1956Adlai Stevenson
65%
1928Al Smith
56%
1908William Jennings Bryan
50%
1900William Jennings Bryan
50%
1896William Jennings Bryan
50%
1892Benjamin Harrison
48%
1940Wendell Wilkie
44%
1936Alf Landon
43%
1916Charles Evans Hughes
28%
1884James G. Blaine
26%
1920James M. Cox
26%
1924John W. Davis
22%
1880Winfield Scott Hancock
17%
1904Alton B. Parker
15%

Score Distribution

Percentile by Number Answered

Percent of People with Each Score

Your Score History

You have not taken this quiz